Vichar Madhukari (Record no. 346461)

MARC details
000 -LEADER
fixed length control field 003720000a22001690004500
005 - DATE AND TIME OF LATEST TRANSACTION
control field 20120302054732.0
040 ## - CATALOGING SOURCE
Original cataloging agency MAR
100 ## - MAIN ENTRY--PERSONAL NAME
Personal name Joshi,Maadhav Purushottam
245 ## - TITLE STATEMENT
Title Vichar Madhukari
250 ## - EDITION STATEMENT
Edition statement 3
260 ## - PUBLICATION, DISTRIBUTION, ETC. (IMPRINT)
Place of publication, distribution, etc Pune:Yashwant Prakashan,1972.
300 ## - PHYSICAL DESCRIPTION
Extent 32,206p.
365 ## - TRADE PRICE
Price amount 5/-
650 ## - SUBJECT ADDED ENTRY--TOPICAL TERM
Topical term or geographic name as entry element Sankirna
650 ## - SUBJECT ADDED ENTRY--TOPICAL TERM
Topical term or geographic name as entry element Vichar Madhukari
942 ## - ADDED ENTRY ELEMENTS (KOHA)
Koha item type Book
Holdings
Withdrawn status Lost status Damaged status Not for loan Home library Current library Date acquired Total Checkouts Barcode Date last seen Price effective from
        Institute For Oriental Study, Thane Institute For Oriental Study, Thane 12/02/2009   IOS-2805 12/02/2009 12/02/2009